=LDR 00000nam 2200000 4500 =001 INLIS000000000032843 =005 20130612134831 =008 ***********************************ind** =035 ##$$0010-061300000032843 =041 ##$$a ind =082 ##$$a 028.5 =090 ##$$a 028.5, Tur i =100 ##$$a Turyana,Asep T =245 ##$$a Idris yang cerdas, The inteligent Idris, Asep T. Turyana; Editor,Anno D Sarjari =260 ##$$a 2007 $b Bandung =650 ##$$a Bacaan Anak-anak =700 ##$$a Sanjari, Anno D =850 ##$$a NBPNMAT